000 00272nam a2200121Ia 4500
082 _a615.1
_bH10S
100 _aSETHI, P.D.
245 _aHPLC- HIGH PERFORMANCE LIQUID CHROMATOGRAPHY
260 _bCBS- DELHI
300 _a508
650 _aPHARMACEUTICS
942 _2ddc
_cBK
999 _c7209
_d7209